[Event "Graz Open A 2019"]
[Site "Graz AUT"]
[Date "2019.02.20"]
[Round "4.8"]
[White "Szotkowski, Jakub"]
[Black "Markoja, Boris"]
[Result "1/2-1/2"]
[WhiteTitle "IM"]
[BlackTitle "IM"]
[WhiteElo "2345"]
[BlackElo "2440"]
[WhiteFideId "330590"]
[BlackFideId "14608502"]
[EventDate "2019.02.17"]

1. d4 Nf6 2. c4 e6 3. g3 d5 4. Bg2 dxc4 5. Nf3 Bd7 6. Ne5 Bc6 7. Nxc6 Nxc6 8. e3
Qd7 9. O-O Rd8 10. Qe2 e5 11. Rd1 exd4 12. exd4+ Be7 13. Be3 Nb4 14. Nc3 c6 15.
Qxc4 Nfd5 16. Qb3 O-O 17. Bd2 Nb6 18. a3 N4d5 19. Ne4 Nc7 20. Nc5 Qc8 21. Ba5
Nb5 22. Bc3 Nd5 23. a4 Nbxc3 24. bxc3 Bxc5 25. dxc5 Rfe8 26. Bxd5 cxd5 27. Rxd5
Rxd5 28. Qxd5 Rd8 29. Qf3 1/2-1/2

[Event "Graz Open A 2019"]
[Site "Graz AUT"]
[Date "2019.02.20"]
[Round "4.9"]
[White "Xiang, Zeyu"]
[Black "Liu, Zhaoqi"]
[Result "1/2-1/2"]
[WhiteTitle "IM"]
[WhiteElo "2436"]
[BlackElo "2323"]
[WhiteFideId "8608547"]
[BlackFideId "8609381"]
[EventDate "2019.02.17"]

1. d4 d5 2. c4 c6 3. cxd5 cxd5 4. Nf3 Nf6 5. Nc3 Nc6 6. Bf4 Bf5 7. e3 e6 8. Bd3
Bxd3 9. Qxd3 Bd6 10. Bxd6 Qxd6 11. O-O O-O 12. Rfc1 Rfc8 13. h3 h6 14. Nb5 Qe7
15. Nc3 Qd6 16. Nb5 Qe7 17. Nc3 Qd8 1/2-1/2

[Event "Graz Open A 2019"]
[Site "Graz AUT"]
[Date "2019.02.20"]
[Round "4.10"]
[White "Pranav, Anand"]
[Black "Tomazini, Zan"]
[Result "1/2-1/2"]
[WhiteTitle "FM"]
[BlackTitle "IM"]
[WhiteElo "2303"]
[BlackElo "2432"]
[WhiteFideId "46626786"]
[BlackFideId "14608162"]
[EventDate "2019.02.17"]

1. d4 g6 2. e4 Bg7 3. Nc3 d6 4. f4 a6 5. Nf3 Nd7 6. Bc4 e6 7. a4 Ngf6 8. e5 Ng8
9. O-O Nh6 10. Be3 O-O 11. Bf2 c5 12. d5 Nb6 13. Ba2 Nxd5 14. Nxd5 exd5 15. Bxd5
Qc7 16. Re1 dxe5 17. Nxe5 Be6 18. Bxe6 fxe6 19. g3 Nf7 20. Nxf7 Qxf7 21. Bxc5
Bxb2 22. Bxf8 Bxa1 23. Qxa1 Rxf8 24. Qe5 Rc8 25. Qxe6 Rxc2 26. Qd6 Rc8 27. Re6
Qf5 28. Re2 Qc5+ 29. Qxc5 Rxc5 30. Re7 b5 31. axb5 axb5 32. Rb7 g5 33. Kf2 Rc2+
34. Kf3 gxf4 35. gxf4 Rxh2 36. f5 Rb2 37. Kg4 b4 38. Kg5 b3 39. Kf6 h5 40. Kg6
Kf8 41. Kxh5 Rf2 42. Kg6 b2 43. Kf6 Ke8 44. Rb8+ Kd7 45. Kg6 Ke7 46. Rb7+ Kf8
47. Rb8+ Ke7 1/2-1/2

[Event "Graz Open A 2019"]
[Site "Graz AUT"]
[Date "2019.02.20"]
[Round "4.11"]
[White "Stefansson, Hannes"]
[Black "Frank, Emanuel"]
[Result "1-0"]
[WhiteTitle "GM"]
[WhiteElo "2514"]
[BlackElo "2248"]
[WhiteFideId "2300087"]
[BlackFideId "1625624"]
[EventDate "2019.02.17"]

1. d4 d5 2. c4 e6 3. Nf3 Nf6 4. g3 Bb4+ 5. Bd2 Bd6 6. Bg2 c6 7. O-O Nbd7 8. Qc2
O-O 9. Rd1 Ne4 10. Ne1 Nxd2 11. Nxd2 f5 12. Nd3 Qe7 13. Nf3 Kh8 14. e3 Nf6 15.
Nfe5 Bd7 16. b4 Be8 17. Rdb1 a6 18. a4 Ng4 19. Nxg4 fxg4 20. e4 dxe4 21. Bxe4
Qf6 22. Qb2 Bg6 23. Re1 Rf7 24. Re3 Bf5 25. Rae1 Qg5 26. b5 axb5 27. axb5 Raf8
28. c5 Bc7 29. Bxf5 Qxf5 30. Qb3 Rd7 31. b6 Bd8 32. Nf4 Rxd4 33. Re5 Qf7 34.
Qxe6 Rxf4 35. gxf4 Qxf4 36. Rf5 Rxf5 37. Qxf5 1-0

[Event "Graz Open A 2019"]
[Site "Graz AUT"]
[Date "2019.02.20"]
[Round "4.12"]
[White "Injac, Teodora"]
[Black "Sanal, Vahap"]
[Result "1/2-1/2"]
[WhiteTitle "WIM"]
[BlackTitle "GM"]
[WhiteElo "2325"]
[BlackElo "2497"]
[WhiteFideId "932400"]
[BlackFideId "6300545"]
[EventDate "2019.02.17"]

1. c4 Nf6 2. Nc3 d6 3. g3 Nbd7 4. Bg2 e5 5. Nf3 Be7 6. O-O O-O 7. d4 exd4 8.
Nxd4 Re8 9. b3 Bf8 10. Bb2 Nc5 11. b4 Ncd7 12. Nd5 a5 13. a3 axb4 14. axb4 Rxa1
15. Bxa1 g6 16. Nxf6+ Nxf6 17. Nc2 Bg7 18. Ne3 h5 19. Bd4 Ng4 20. Nxg4 1/2-1/2

[Event "Graz Open A 2019"]
[Site "Graz AUT"]
[Date "2019.02.20"]
[Round "4.13"]
[White "Loiseau, Quentin"]
[Black "Leisch, Lukas"]
[Result "1/2-1/2"]
[WhiteTitle "IM"]
[WhiteElo "2452"]
[BlackElo "2313"]
[WhiteFideId "665274"]
[BlackFideId "1632094"]
[EventDate "2019.02.17"]

1. Nf3 Nf6 2. d4 d5 3. c4 e6 4. Nc3 dxc4 5. e4 Bb4 6. Bg5 c5 7. Bxc4 cxd4 8.
Nxd4 Bxc3+ 9. bxc3 Qa5 10. Bb5+ Nbd7 11. Bxf6 Qxc3+ 12. Kf1 gxf6 13. h4 a6 14.
Rh3 Qb4 15. Be2 Ne5 16. Rc1 Qd6 17. Qd2 Bd7 18. h5 Rd8 19. f4 Bb5 20. fxe5 fxe5
21. Bxb5+ axb5 22. Qe2 exd4 23. Qxb5+ Qd7 24. Qg5 f6 25. Qh6 Qb5+ 26. Kg1 Qg5
27. Qxg5 fxg5 28. Rb3 Ke7 29. Rxb7+ 1/2-1/2

[Event "Graz Open A 2019"]
[Site "Graz AUT"]
[Date "2019.02.20"]
[Round "4.14"]
[White "Khalakhan, Jurij"]
[Black "Nguyen, Piotr"]
[Result "1-0"]
[WhiteTitle "CM"]
[BlackTitle "IM"]
[WhiteElo "2277"]
[BlackElo "2420"]
[WhiteFideId "14142368"]
[BlackFideId "1127993"]
[EventDate "2019.02.17"]

1. e4 g6 2. d4 Bg7 3. Nc3 d6 4. Be3 a6 5. Qd2 Nd7 6. h4 Ngf6 7. f3 h5 8. Nh3 b5
9. O-O-O c6 10. Ng5 Qa5 11. Kb1 Rb8 12. Qf2 Nb6 13. Bc1 O-O 14. g4 b4 15. Ne2
hxg4 16. Ng3 gxf3 17. h5 Ng4 18. Qxf3 Bh6 19. e5 f6 20. Qd3 f5 21. hxg6 dxe5 22.
Nf7 Bxc1 23. Nxf5 Bxf5 24. Qxf5 Nh6 25. Nxh6+ Kg7 26. Qe6 Rbe8 27. Nf5+ 1-0

[Event "Graz Open A 2019"]
[Site "Graz AUT"]
[Date "2019.02.20"]
[Round "4.15"]
[White "Radovanovic, Nikola"]
[Black "Cohen, Aron J"]
[Result "1-0"]
[WhiteTitle "IM"]
[WhiteElo "2418"]
[BlackElo "2265"]
[WhiteFideId "900087"]
[BlackFideId "404357"]
[EventDate "2019.02.17"]

1. d4 Nf6 2. Nf3 c5 3. d5 e6 4. c4 b5 5. dxe6 fxe6 6. cxb5 d5 7. Nc3 Bb7 8. e4
d4 9. e5 Nfd7 10. Nb1 Qc7 11. Bf4 Nb6 12. Nbd2 Be7 13. Rc1 Nd5 14. Bg3 Qa5 15.
Bd3 Nb4 16. Bc4 Nd5 17. O-O O-O 18. a3 Qb6 19. Bd3 Nf4 20. Bc4 Nd5 21. Re1 Nd7
22. Ne4 Nc7 23. Qd3 h6 24. Nfd2 Bd5 25. b3 Rad8 26. a4 Kh8 27. Qe2 Rf5 28. Nd6
Rff8 29. Qh5 Bxd6 30. exd6 Nf6 31. Qg6 Nce8 32. Bxd5 exd5 33. Re7 Rxd6 34. Bxd6
Qxd6 35. Rce1 Ne4 36. Qxd6 N8xd6 37. Nxe4 Nxe4 38. f3 Nc3 39. Re8 Kg8 40. Rxf8+
Kxf8 41. Kf2 c4 42. bxc4 dxc4 43. Re4 d3 44. Ke3 Nxe4 45. fxe4 Ke7 46. a5 Kd6
47. e5+ Kxe5 48. b6 axb6 49. a6 1-0

[Event "Graz Open A 2019"]
[Site "Graz AUT"]
[Date "2019.02.20"]
[Round "4.16"]
[White "Gazik, Igor"]
[Black "Drazic, Sinisa"]
[Result "1/2-1/2"]
[WhiteTitle "IM"]
[BlackTitle "GM"]
[WhiteElo "2249"]
[BlackElo "2408"]
[WhiteFideId "14900149"]
[BlackFideId "901172"]
[EventDate "2019.02.17"]

1. e4 e6 2. d4 d5 3. exd5 exd5 4. Bd3 c5 5. Nf3 c4 6. Be2 Nc6 7. b3 cxb3 8. axb3
Bd6 9. O-O Nge7 10. c3 O-O 11. Re1 h6 12. Ba3 Bf5 13. Bd3 Bxd3 14. Qxd3 Ng6 15.
g3 Rc8 16. Bxd6 Qxd6 17. b4 b6 18. Nbd2 a5 19. bxa5 Nxa5 20. Re2 Rc7 21. Rae1
Re7 22. Qb5 Rxe2 23. Rxe2 Qc6 24. Qxc6 Nxc6 25. Nf1 Na5 26. Ne3 Rd8 27. Rb2 Rd6
28. Kf1 Ne7 29. Ke2 g5 30. Ne5 Kg7 31. f4 f6 32. Nd3 Re6 33. Kf3 Nc4 34. Nxc4
dxc4 35. Nb4 h5 36. fxg5 fxg5 37. d5 g4+ 38. Kf2 Rd6 39. Ke3 Nxd5+ 40. Nxd5 Rxd5
41. Rxb6 Rd3+ 42. Kf4 Rxc3 43. Kg5 Rc2 44. Rb7+ Kf8 45. Kxh5 Rxh2+ 46. Kxg4 c3
47. Rc7 c2 48. Kf5 Rf2+ 49. Kg5 Ke8 50. g4 Kd8 51. Rc3 Ke7 52. Kg6 Ke6 53. g5
Rg2 54. Rc8 Kd7 55. Rc3 Kd6 56. Kf6 Rf2+ 57. Kg7 Kd5 58. g6 Kd4 59. Rc8 Kd3 60.
Kh6 Rh2+ 61. Kg5 Rh1 62. g7 c1=Q+ 63. Rxc1 Rxc1 64. Kf6 1/2-1/2

[Event "Graz Open A 2019"]
[Site "Graz AUT"]
[Date "2019.02.20"]
[Round "4.17"]
[White "Marjanovic, Dejan"]
[Black "Chetverik, Maxim"]
[Result "1/2-1/2"]
[WhiteTitle "IM"]
[BlackTitle "IM"]
[WhiteElo "2400"]
[BlackElo "2208"]
[WhiteFideId "14402661"]
[BlackFideId "4106784"]
[EventDate "2019.02.17"]

1. e4 Nf6 2. e5 Nd5 3. d4 d6 4. Nf3 dxe5 5. Nxe5 g6 6. g3 Nd7 7. Nf3 Bg7 8. Bg2
O-O 9. O-O c6 10. Re1 Re8 11. Na3 N7b6 12. Ne5 Be6 13. h4 Nf6 14. c3 Qc8 15. Nc2
Nbd7 16. f4 Nb6 17. Qe2 Bd5 18. c4 Bxg2 19. Kxg2 e6 20. a4 c5 21. Be3 Nbd7 22.
Rad1 cxd4 23. Bxd4 Nxe5 24. fxe5 Nd7 25. b3 Nc5 26. Qf3 Re7 27. a5 a6 28. b4 Nd7
29. c5 Qc7 30. Qe4 f5 31. exf6 Bxf6 32. Ne3 Bxd4 33. Qxd4 Ne5 34. Ng4 Nxg4 35.
Qxg4 Rd8 36. h5 Kg7 37. Qg5 Rxd1 38. Rxd1 Rd7 39. Rd6 Rxd6 40. Qe5+ Kf7 41. cxd6
Qc2+ 42. Kg1 Qd1+ 43. Kf2 Qxh5 44. Qh8 Qf5+ 45. Kg1 Qb1+ 46. Kh2 Qc2+ 47. Kh3
Qf5+ 48. Kh2 Qf2+ 49. Kh3 Qf1+ 50. Kh2 Qf2+ 1/2-1/2

[Event "Graz Open A 2019"]
[Site "Graz AUT"]
[Date "2019.02.20"]
[Round "4.18"]
[White "Hassabis, Demis"]
[Black "Eggleston, David J"]
[Result "0-1"]
[WhiteTitle "CM"]
[BlackTitle "IM"]
[WhiteElo "2249"]
[BlackElo "2390"]
[WhiteFideId "401307"]
[BlackFideId "412120"]
[EventDate "2019.02.17"]

1. c4 Nf6 2. Nc3 e6 3. e4 d5 4. cxd5 exd5 5. e5 Ne4 6. d4 Nc6 7. Bb5 Be7 8. Nge2
Nxc3 9. bxc3 f6 10. exf6 Bxf6 11. Ba3 Be7 12. Bxe7 Qxe7 13. O-O O-O 14. Ng3 Qd6
15. Bd3 Ne7 16. Qc2 Ng6 17. Rfe1 Bd7 18. Bxg6 hxg6 19. Re5 Rae8 20. Rae1 Rxe5
21. Rxe5 c5 22. Qb3 c4 23. Qb2 b5 24. Ne2 a5 25. g3 Re8 26. f4 b4 27. g4 Rxe5
28. fxe5 Qf8 29. h3 Qf3 30. Kh2 Qf2+ 31. Kh1 Ba4 32. Qd2 bxc3 33. Qg5 Bd1 34.
Ng1 c2 35. e6 Bf3+ 36. Nxf3 Qxf3+ 37. Kh2 Qf2+ 38. Kh1 Qe1+ 0-1

[Event "Graz Open A 2019"]
[Site "Graz AUT"]
[Date "2019.02.20"]
[Round "4.22"]
[White "Danner, Georg"]
[Black "Lahav, Michal"]
[Result "0-1"]
[WhiteTitle "IM"]
[BlackTitle "WFM"]
[WhiteElo "2333"]
[BlackElo "2126"]
[WhiteFideId "1600303"]
[BlackFideId "2813742"]
[EventDate "2019.02.17"]

1. d4 Nf6 2. Nf3 c5 3. d5 e6 4. c4 exd5 5. cxd5 d6 6. Nc3 g6 7. e4 Bg7 8. Be2
O-O 9. Bf4 a6 10. a4 Qe7 11. Nd2 Nbd7 12. O-O Ne5 13. h3 Rb8 14. a5 Ne8 15. Bh2
f5 16. f4 Nd7 17. Bf3 b5 18. axb6 Rxb6 19. Qc2 fxe4 20. Ndxe4 Ndf6 21. Ng5 Bf5
22. Qd2 Qb7 23. Ra2 Rb4 24. Ne6 Bxe6 25. dxe6 Qe7 26. Rxa6 Qxe6 27. g4 Rd4 28.
Qc1 Nc7 29. Ra7 Nfe8 30. Re1 Qf6 31. Re2 Kh8 32. Kg2 d5 33. Qe1 Qb6 34. Ra4 Rd3
35. Rd2 Rxf3 36. Kxf3 d4 37. Ne4 Qb3+ 38. Kg2 Qxa4 39. Ng5 Qc6+ 40. Kg1 c4 41.
f5 c3 42. bxc3 dxc3 43. Rd3 c2 44. Bf4 gxf5 45. gxf5 Rxf5 46. Bc1 Qc5+ 47. Kh1
Rxg5 48. Bxg5 Qxg5 49. Re3 Bd4 50. Rxe8+ Nxe8 51. Qxe8+ Qg8 0-1

[Event "Graz Open A 2019"]
[Site "Graz AUT"]
[Date "2019.02.20"]
[Round "4.23"]
[White "Pasti, Aron"]
[Black "Sebenik, Matej"]
[Result "0-1"]
[WhiteTitle "CM"]
[BlackTitle "GM"]
[WhiteElo "2185"]
[BlackElo "2542"]
[WhiteFideId "785857"]
[BlackFideId "14602296"]
[EventDate "2019.02.17"]

1. e4 e6 2. d4 d5 3. Nc3 Bb4 4. e5 c5 5. Bd2 Ne7 6. Nb5 Bxd2+ 7. Qxd2 O-O 8.
dxc5 Nd7 9. Qc3 a6 10. Nd6 Qc7 11. f4 Qxc5 12. Qxc5 Nxc5 13. Nf3 Bd7 14. Bd3 f6
15. Kd2 fxe5 16. fxe5 Nc8 17. Nxc8 Raxc8 18. Raf1 h6 19. Nd4 g5 20. Rf3 Rxf3 21.
gxf3 Rf8 22. Ke3 Rf4 23. Rg1 Rh4 24. Rg2 Be8 25. Ne2 Bh5 26. Ng3 Kf7 27. Rf2 d4+
28. Kd2 Bg6 29. Be4 Kg7 30. Re2 Rf4 31. b4 Nxe4+ 32. fxe4 Rf3 33. Kc1 h5 34. Rd2
h4 35. Ne2 Rf1+ 36. Rd1 Rxd1+ 37. Kxd1 Bh5 38. Ke1 Bxe2 39. Kxe2 g4 0-1

[Event "Graz Open A 2019"]
[Site "Graz AUT"]
[Date "2019.02.20"]
[Round "5.1"]
[White "Gazik, Viktor"]
[Black "Istratescu, Andrei"]
[Result "1-0"]
[WhiteTitle "IM"]
[BlackTitle "GM"]
[WhiteElo "2512"]
[BlackElo "2555"]
[WhiteFideId "14928752"]
[BlackFideId "1200372"]
[EventDate "2019.02.17"]

1. e4 c6 2. d4 d5 3. exd5 cxd5 4. Bd3 Nc6 5. c3 Nf6 6. Bf4 Bg4 7. Qb3 e5 8. h3
Na5 9. Qc2 exf4 10. hxg4 Qe7+ 11. Kf1 Nxg4 12. Na3 Kd8 13. Re1 Qf6 14. Qa4 Nc6
15. Nb5 a6 16. Rh5 g5 17. b4 h6 18. Nf3 Rg8 19. Na3 Qd6 20. Bf5 Nf6 21. Ne5 Qc7
22. Nb5 Qxe5 23. Rxe5 Nxh5 24. Rxd5+ Ke7 25. Nc7 Nf6 26. b5 Nxd5 27. Nxd5+ Kd6
28. bxc6 Kxd5 29. cxb7 Rd8 30. b8=Q Rxb8 31. Qd7+ Bd6 32. Qxf7+ Kc6 33. Qd7+ 1-0

[Event "Graz Open A 2019"]
[Site "Graz AUT"]
[Date "2019.02.20"]
[Round "5.2"]
[White "Navalgund, Niranjan"]
[Black "Turov, Maxim"]
[Result "1/2-1/2"]
[WhiteTitle "FM"]
[BlackTitle "GM"]
[WhiteElo "2359"]
[BlackElo "2585"]
[WhiteFideId "5030854"]
[BlackFideId "4120086"]
[EventDate "2019.02.17"]

1. Nf3 Nf6 2. c4 e6 3. g3 b6 4. Bg2 Bb7 5. O-O Be7 6. Nc3 O-O 7. d4 Ne4 8. Nxe4
Bxe4 9. Ne1 Bxg2 10. Nxg2 d5 11. Qa4 c5 12. Be3 Qd7 13. Qxd7 Nxd7 14. cxd5 exd5
15. Rfd1 c4 16. Bf4 g5 17. Bc1 b5 18. Ne3 Nb6 19. Nf5 Bf6 1/2-1/2

[Event "Graz Open A 2019"]
[Site "Graz AUT"]
[Date "2019.02.20"]
[Round "5.3"]
[White "Ankit, R. Rajpara"]
[Black "Ertan, Can"]
[Result "0-1"]
[WhiteTitle "GM"]
[BlackTitle "FM"]
[WhiteElo "2451"]
[BlackElo "2405"]
[WhiteFideId "5023335"]
[BlackFideId "6306330"]
[EventDate "2019.02.17"]

1. d4 Nf6 2. c4 e6 3. Nc3 Bb4 4. Qc2 c5 5. dxc5 O-O 6. Nf3 Na6 7. g3 Qa5 8. Bg2
Bxc3+ 9. bxc3 Nxc5 10. Nd4 d6 11. O-O Bd7 12. Bf4 Ba4 13. Nb3 Qc7 14. Qb1 Nfd7
15. Nxc5 Nxc5 16. Be3 Bc6 17. Bxc5 dxc5 18. Bxc6 Qxc6 19. Rd1 Rfd8 20. Qc2 Qc7
21. Qe4 Rab8 22. Rab1 b6 23. a4 g6 24. Rxd8+ Rxd8 25. a5 Rd6 26. axb6 Rxb6 27.
Rd1 h5 28. h4 Rb8 29. Ra1 Qb6 30. Qe5 Rd8 31. Qe4 Rd7 32. Rb1 Qc7 33. Qa8+ Kh7
34. Rb8 Qe5 35. Rd8 Rxd8 36. Qxd8 Kg7 37. Qd3 a5 38. Qc2 g5 39. hxg5 Qxg5 40.
Kg2 h4 41. Qa4 hxg3 42. Qxa5 gxf2+ 43. Kxf2 Qf4+ 44. Ke1 Qxc4 45. Kd2 Qd5+ 46.
Kc1 f5 47. Qc7+ Kf6 48. Qh2 Qe4 49. Kd2 Qg4 50. Qh8+ Ke7 51. Qe5 Qc4 52. Qg7+
Ke8 53. Qg8+ Kd7 54. Qf7+ Kd6 55. Qf8+ Kd5 56. Qa8+ Ke5 57. Qh8+ Ke4 58. Qh1+
Ke5 59. Qh8+ Kd6 60. Qd8+ Kc6 61. Qc8+ Kb6 62. Qd8+ Ka6 63. Qc8+ Ka5 64. Qa8+
Qa6 65. Qb8 Ka4 66. Qb2 Qc4 67. Qa1+ Kb5 68. Qa7 Qf4+ 69. Kc2 Qa4+ 0-1

[Event "Graz Open A 2019"]
[Site "Graz AUT"]
[Date "2019.02.20"]
[Round "5.4"]
[White "Perske, Thore"]
[Black "Teclaf, Pawel"]
[Result "1/2-1/2"]
[WhiteTitle "IM"]
[BlackTitle "CM"]
[WhiteElo "2451"]
[BlackElo "2450"]
[WhiteFideId "12902195"]
[BlackFideId "1185934"]
[EventDate "2019.02.17"]

1. e4 c6 2. d4 d5 3. e5 c5 4. dxc5 e6 5. Nf3 Bxc5 6. a3 Nc6 7. b4 Bb6 8. Bb2
Nge7 9. Bd3 Ng6 10. O-O O-O 11. Re1 f6 12. exf6 gxf6 13. c4 Nf4 14. Bf1 dxc4 15.
Bxc4 Qxd1 16. Rxd1 Kg7 17. Nc3 e5 18. Nd5 Nxd5 19. Bxd5 Bg4 20. b5 Nd4 21. Nxd4
Bxd4 22. Rd2 Bxb2 23. Rxb2 Rab8 24. b6 axb6 25. Rxb6 Bc8 26. Rab1 Rd8 27. R6b5
Ra8 28. Bxb7 Rxa3 29. Bxc8 Rxc8 30. R5b2 Rac3 31. g3 Rc1+ 32. Rxc1 Rxc1+ 33. Kg2
h5 34. h3 Rc3 35. Rb7+ Kg6 36. Rb8 Rc4 37. Rg8+ Kh7 38. Rb8 Kg6 39. Rg8+ Kh7 40.
Rb8 1/2-1/2

[Event "Graz Open A 2019"]
[Site "Graz AUT"]
[Date "2019.02.20"]
[Round "5.5"]
[White "Kryakvin, Dmitry"]
[Black "Hoefelsauer, Thomas"]
[Result "1-0"]
[WhiteTitle "GM"]
[BlackTitle "FM"]
[WhiteElo "2588"]
[BlackElo "2361"]
[WhiteFideId "4153278"]
[BlackFideId "24668842"]
[EventDate "2019.02.17"]

1. c4 c6 2. d4 d5 3. Nf3 Nf6 4. Nc3 a6 5. Qb3 dxc4 6. Qxc4 b5 7. Qd3 e6 8. Bg5
Nbd7 9. e4 h6 10. Bh4 Qb6 11. e5 Nd5 12. Nxd5 cxd5 13. Be2 b4 14. O-O a5 15.
Rac1 Be7 16. Qe3 Ba6 17. Bxa6 Qxa6 18. Rc7 Bxh4 19. Nxh4 Rc8 20. Rfc1 Ke7 21.
Nf3 Rxc7 22. Rxc7 Rc8 23. Rxc8 Qxc8 24. Ne1 Qc6 25. b3 Nb8 26. Kf1 Na6 27. Qd2
Nc7 28. Nd3 Qb6 29. Nc5 Na6 30. Na4 Qc6 31. Ke2 Nc7 32. Nc5 Na6 33. Nd3 Nc7 34.
Ke3 h5 35. h4 g6 36. f3 Nb5 37. Nc5 Nc7 38. Qd3 Qe8 39. Kd2 Kf8 40. Qe3 Kg7 41.
Qg5 Nb5 42. Kd3 Na3 43. Qc1 Qc8 44. Qf4 Qe8 45. Ke3 Nb1 46. g4 hxg4 47. fxg4 Qe7
48. g5 Nc3 49. Qf6+ Qxf6 50. exf6+ Kg8 51. Nb7 a4 52. bxa4 Nxa4 53. Kd3 Nc3 54.
a3 Na2 55. a4 1-0

[Event "Graz Open A 2019"]
[Site "Graz AUT"]
[Date "2019.02.20"]
[Round "5.6"]
[White "Eggleston, David J"]
[Black "Stefansson, Hannes"]
[Result "0-1"]
[WhiteTitle "IM"]
[BlackTitle "GM"]
[WhiteElo "2390"]
[BlackElo "2514"]
[WhiteFideId "412120"]
[BlackFideId "2300087"]
[EventDate "2019.02.17"]

1. e4 e5 2. Nf3 Nc6 3. Bc4 Bc5 4. c3 Nf6 5. d3 O-O 6. b4 Be7 7. O-O d5 8. exd5
Nxd5 9. b5 Na5 10. Bxd5 Qxd5 11. c4 Qd7 12. Nc3 c6 13. bxc6 Nxc6 14. Nd5 Bd6 15.
Bb2 Qf5 16. Re1 Re8 17. Qd2 Be6 18. Re4 f6 19. Rae1 Bf7 20. h3 Rad8 21. Bc3 Bb8
22. Qb2 Qd7 23. d4 exd4 24. Rxe8+ Rxe8 25. Rxe8+ Qxe8 26. Bxd4 Qd7 27. Qb5 a6
28. Qb2 Na5 29. Nb6 Qe6 30. Bc3 Nxc4 31. Nxc4 Qxc4 32. Qxb7 Bd6 33. Qa8+ Bf8 34.
Bd4 Bd5 35. Qd8 Kf7 36. Qd7+ Be7 37. a4 Be6 38. Qa7 Qxa4 39. Bc5 Qd1+ 40. Kh2
Qd7 41. Qb6 Qb5 42. Nd4 Qxb6 43. Bxb6 Bd5 44. f4 Bb4 45. g4 a5 46. Kg1 a4 47.
Nc2 Bd6 48. f5 a3 49. Bd4 a2 50. Kf2 Be4 51. Na1 Bf4 52. Bc3 h5 53. Bd4 h4 54.
Bc3 Ke7 55. Bb2 Kd6 56. Bd4 Kd5 57. Bb2 Kc4 0-1

[Event "Graz Open A 2019"]
[Site "Graz AUT"]
[Date "2019.02.20"]
[Round "5.7"]
[White "Haldorsen, Benjamin"]
[Black "Szotkowski, Jakub"]
[Result "1/2-1/2"]
[WhiteTitle "IM"]
[BlackTitle "IM"]
[WhiteElo "2450"]
[BlackElo "2345"]
[WhiteFideId "1512633"]
[BlackFideId "330590"]
[EventDate "2019.02.17"]

1. e4 c6 2. d4 d5 3. e5 Bf5 4. Nf3 e6 5. Be2 Nd7 6. O-O Ne7 7. Nbd2 h6 8. Nb3 g5
9. Ne1 Qc7 10. f4 O-O-O 11. Nd3 Ng6 12. Bg4 Bxd3 13. cxd3 gxf4 14. Bh5 Rg8 15.
Bxg6 Rxg6 16. Bxf4 Qb6 17. Bd2 Bb4 18. Bxb4 Qxb4 19. Rxf7 Rdg8 20. g3 Qb6 21.
Qe2 a5 22. Qf2 h5 23. Nc5 Nxc5 24. Rf8+ Rxf8 25. Qxf8+ Qd8 26. Qxd8+ Kxd8 27.
dxc5 Rg5 28. Re1 Kc7 29. Kf2 b6 30. cxb6+ Kxb6 31. d4 Rg4 32. Rd1 Re4 33. Rd3 c5
34. dxc5+ Kxc5 35. Ra3 Kd4 36. Rxa5 Kd3 37. Ra3+ Kd2 38. b4 Re2+ 39. Kf3 Rxe5
40. b5 Rf5+ 41. Kg2 d4 42. b6 Rf8 43. b7 Rb8 44. Rb3 d3 45. Rb6 Kc1 46. Rc6+ Kd1
47. Rxe6 Rxb7 48. Rd6 d2 49. h3 Rc7 50. g4 hxg4 51. hxg4 Kc2 52. Kf3 d1=Q+ 53.
Rxd1 Kxd1 54. Kf4 Kd2 55. g5 Kd3 56. g6 Kd4 57. Kf5 Kd5 58. Kf6 Rc6+ 59. Kf7 Ke5
60. g7 Rc7+ 61. Kg6 Rxg7+ 1/2-1/2

[Event "Graz Open A 2019"]
[Site "Graz AUT"]
[Date "2019.02.20"]
[Round "5.8"]
[White "Markoja, Boris"]
[Black "Pranav, Anand"]
[Result "1/2-1/2"]
[WhiteTitle "IM"]
[BlackTitle "FM"]
[WhiteElo "2440"]
[BlackElo "2303"]
[WhiteFideId "14608502"]
[BlackFideId "46626786"]
[EventDate "2019.02.17"]

1. d4 Nf6 2. c4 e6 3. g3 d5 4. Bg2 Be7 5. Nf3 O-O 6. O-O dxc4 7. Qc2 b6 8. Bg5
Nd5 9. Bxe7 Qxe7 10. Nbd2 Nd7 11. Nxc4 Bb7 12. Nce5 Rac8 13. Nc6 Bxc6 14. Qxc6
Nb8 15. Qb5 c5 16. Rac1 Nd7 17. Qa4 Rc7 18. Qa3 c4 19. Qxe7 Nxe7 20. Nd2 1/2-1/2

[Event "Graz Open A 2019"]
[Site "Graz AUT"]
[Date "2019.02.20"]
[Round "5.9"]
[White "Kozak, Antoni"]
[Black "Xiang, Zeyu"]
[Result "1/2-1/2"]
[BlackTitle "IM"]
[WhiteElo "2346"]
[BlackElo "2436"]
[WhiteFideId "21832030"]
[BlackFideId "8608547"]
[EventDate "2019.02.17"]

1. d4 d5 2. c4 e6 3. Nc3 Nf6 4. cxd5 Nxd5 5. e4 Nxc3 6. bxc3 c5 7. Rb1 Be7 8.
Nf3 O-O 9. h4 cxd4 10. cxd4 Nc6 11. Bb5 Bd7 12. O-O Rc8 13. Bf4 a6 14. Be2 b5
15. h5 h6 16. d5 exd5 17. exd5 Na5 18. d6 Bf6 19. Ne5 Bxe5 20. Bxe5 Nc4 21. Bg3
Qg5 22. Qd4 Rfe8 23. Bxc4 Rxc4 24. Qa7 Bc6 25. Rbd1 Qg4 26. Rd2 Rd8 27. Qe7 Rd7
28. Qe5 Re4 29. f3 Rxe5 30. fxg4 Re4 31. Rc1 Rc4 32. Rxc4 1/2-1/2

[Event "Graz Open A 2019"]
[Site "Graz AUT"]
[Date "2019.02.20"]
[Round "5.10"]
[White "Tomazini, Zan"]
[Black "Khalakhan, Jurij"]
[Result "1-0"]
[WhiteTitle "IM"]
[BlackTitle "CM"]
[WhiteElo "2432"]
[BlackElo "2277"]
[WhiteFideId "14608162"]
[BlackFideId "14142368"]
[EventDate "2019.02.17"]

1. e4 g6 2. d4 Bg7 3. Nc3 c6 4. Nf3 d6 5. h3 Nd7 6. Bg5 Qc7 7. Qd2 Ngf6 8. Bh6
O-O 9. h4 e5 10. h5 exd4 11. Nxd4 Nb6 12. Bxg7 Kxg7 13. O-O-O Qe7 14. f3 Kg8 15.
a4 a5 16. Qf2 d5 17. Nb3 Nbd7 18. exd5 Nxd5 19. Nxd5 cxd5 20. hxg6 fxg6 21. Rxd5
Nf6 22. Rd4 Be6 23. Bc4 Bxc4 24. Rxc4 Rfc8 25. Qd4 Qf7 26. Rxc8+ Rxc8 27. Kb1
Rc4 28. Qd8+ Kg7 29. Re1 Nd5 30. Re5 1-0

[Event "Graz Open A 2019"]
[Site "Graz AUT"]
[Date "2019.02.20"]
[Round "5.11"]
[White "Liu, Zhaoqi"]
[Black "Radovanovic, Nikola"]
[Result "1/2-1/2"]
[BlackTitle "IM"]
[WhiteElo "2323"]
[BlackElo "2418"]
[WhiteFideId "8609381"]
[BlackFideId "900087"]
[EventDate "2019.02.17"]

1. c4 Nf6 2. Nc3 g6 3. g3 Bg7 4. Bg2 O-O 5. d4 d6 6. Nf3 Nbd7 7. O-O e5 8. e3
Re8 9. b3 c6 10. a4 a5 11. Ba3 exd4 12. exd4 d5 13. Re1 Rxe1+ 14. Nxe1 dxc4 15.
bxc4 Nb6 16. d5 Nxc4 17. dxc6 Qxd1 18. Rxd1 Nxa3 19. cxb7 Bxb7 20. Bxb7 1/2-1/2